Представление документа в формате MARC21

Поле Инд. ПП Название Значение
Тип записи a
Библиографический уровень b
001 Контрольный номер RU/IS/BASE/308418369
005 Дата корректировки 20260407121517.8
008 Кодируемые данные 20091009
040 b Код языка каталог. rus
e Правила каталог. PSBO
041 0_ a Код языка текста rus
084 a Индекс другой классификации/Индекс ББК 67.3(0)414
100 1_ a Автор Иванова О. В.
245 10 a Заглавие Защита прав лиц, не участвоваших в деле, в римском гражданском процессе
504 a Библиография Библиогр. ссылки
520 a Аннотация "Анализируются способы обжалования и иных средств уничтожения судебного решения, существовавших в римском праве в разные исторические периоды его развития" с точки зрения "возможности их использования как сторонами по делу, так и иными лицами, в процессе участия не принимавшими"
650 a Основная рубрика гражданское право
a Основная рубрика история государства и права
a Основная рубрика право
653 a Ключевые слова апелляция
a Ключевые слова гражданский процесс
a Ключевые слова гражданское судопроизводство
a Ключевые слова Древний Рим
a Ключевые слова защита прав
a Ключевые слова история права
a Ключевые слова легисакционный процесс
a Ключевые слова рескриптный процесс
a Ключевые слова реституция
a Ключевые слова римское право
a Ключевые слова средние века
a Ключевые слова судебные решения
a Ключевые слова судебные процессы
a Ключевые слова формулярный процесс
a Ключевые слова экстраординарный процесс
773 08 t Заглавие источника Вестник Московского университета. Серия 11, Право
d Дата издания источника 2009
g Прочая информация № 1. - С. 81 - 92
w Контрольный № источника RU/IS/BASE/299591405
901 t Тип документа b